LEADER 02369oam 2200469z- 450 001 9910135633603321 005 20120517114159.0 035 $a(CKB)3790000000000489 035 $a(BIP)039557565 035 $a(EXLCZ)993790000000000489 100 $a20220330c2012uuuu -u- - 101 0 $aita 200 10$aXenoi $eimmagine e parola tra razzismi antichi e moderni : atti del Convegno internazionale di studi, Cagliari, 3-6 febbraio 2010 /$fa cura di Andrea Cannas, Tatiana Cossu, Marco Giuman 205 $a1. ed. italiana. 210 $cLiguori Editore 215 $axviii, 406 p. $cill. ;$d24 cm 225 0 $aScienze storiche ;$v24 225 0 $aDomini 311 $a88-207-5533-5 311 $a88-207-5534-3 320 $aIncludes bibliographical references and index. 330 8 $aQuali sono le premesse ideologiche dei razzismi moderni e contemporanei? Come immagini e parole sono stati utilizzati dai poteri di ieri, anche del lontano passato, e di oggi per costruire discorsi e visioni del mondo razziste, che legittimassero politiche e pratiche di emarginazione, di esclusione, di discriminazione di gruppi umani? Come i media contribuiscono a diffondere stereotipi culturali e processi di naturalizzazione delle differenze? Tutte questioni che archeologi, storici, letterati e antropologi culturali trattano nelle cinque sezioni tematiche di questo libro in cui sono analizzati il mito "del sangue e del suolo", l'invenzione della razza e il nazifascismo, la costruzione dello straniero e del nemico nei media e nelle opere letterarie, il razzismo e i nazionalismi, e infine uno sguardo particolare e? dedicato alla Sardegna. 517 $aXenoi. Immagine e parola tra razzismi antichi e moderni. Atti del Convegno internazionale di studi 517 $aXenoi 606 $aRacism$xHistory$vCongresses 606 $aRacism in literature$vCongresses 606 $aRacism and the arts$vCongresses 610 $aSocial history 610 $aHistory 615 0$aRacism$xHistory 615 0$aRacism in literature 615 0$aRacism and the arts 701 $aCannas$b Andrea$0742446 701 $aCossu$b Tatiana$01241712 701 $aGiuman$b Marco$f1967-$0477410 801 0$bItFiC 801 1$bItFiC 801 2$bDLC 906 $aBOOK 912 $a9910135633603321 996 $aXenoi$92880443 997 $aUNINA LEADER 00960nam0 2200289 450 001 9910890001303321 005 20241009115743.0 010 $a979-12-548-3420-6 100 $a20241009d2024----km y0itay50 ba 101 0 $aita 102 $aIT 105 $ay 001yy 200 1 $aTrasformazione, fusione, conferimento, scissione e liquidazione delle società$easpetti civilistici, contabili e fiscali delle operazioni straordinarie$fMarco Confalonieri 205 $a39. ed. 210 $aMilano$cGruppo24ore$d2024 215 $aXXV, 894 p.$d24 cm 676 $a346$v23 700 1$aConfalonieri,$bMarco$0105831 801 0$aIT$bUNINA$gRICA$2UNIMARC 901 $aBK 912 $a9910890001303321 952 $aGRDDCOM208A$b5340$fDECBC 952 $aGRDDCOM208B$b5341$fDECBC 952 $aGRDDCOM208C$b5342$fDECBC 959 $aDECBC 996 $aTrasformazione, fusione, conferimento, scissione e liquidazione delle società$941971 997 $aUNINA